• 首页
  • 本馆介绍
  • 公告通知
  • 最新文献
  • 馆藏检索
  • 电子资源
  • 读者导购
  • 参考咨询
  • 我的图书馆
  • 登录
  • 详细信息显示
  • 放入我的书架
  • 预约/预借图书
  • 作者相关作品
  • 分类相关作品
  • 丛书相关作品
  • 出版社相关作品

书目信息

  • 表格格式
  • 工作单格式
  • 卡片格式
题名:
柏拉图的哲学
    
 
作者: 阿尔法拉比 著 ;程志敏 译
分册:  
出版信息: 上海   华东师范大学出版社  2006
页数: 251页
开本: 23cm
丛书名: 西方传统经典与解释
单 册:
中图分类: B502.232 , B2
科图分类:
主题词: 哲学--中国
电子资源:
ISBN: 7-5617-4505-2
000 01069oam2 2200289 450
001 1540675806
005 20150126111816.56
010    @a7-5617-4505-2@dCNY29.80
100    @a20060310d2006 em y0chiy50 ea
101 1  @achi@ceng
102    @aCN@b310000
105    @aa z 000yy
200 1  @a柏拉图的哲学@9bo la tu de zhe xue@dThe philosophy of Plato@f阿尔法拉比(Alfarabi)著@g程志敏译@zeng
210    @a上海@c华东师范大学出版社@d2006
215    @a251页@c彩图@d23cm
225 2  @a西方传统经典与解释
330    @a本书收录了作者探讨柏拉图的哲学的有关著作,包括《柏拉图的哲学》、《柏拉图〈法义〉概要》、《两对相契论——神圣者柏拉图与亚里士多德意见的一致性》、《获得幸福》。
461  0 @12001 @a西方传统经典与解释
510 1  @aPhilosophy of Plato@zeng
600  0 @a柏拉图@c(Platon@f前427-前347)@x哲学思想@x研究
606 0  @a哲学@x中国
690    @aB502.232@v5
690    @aB2@v4
701  0 @c( )@a阿尔法拉比@9a er fa la bi@c(Al Farabi@f870~950)@4著
702  0 @a程志敏@9cheng zhi min@c(哲学)@4译
801  0 @aCN@bTSSF@c20150126
905    @aZUCC@dB2@eJY5
    
    柏拉图的哲学=The philosophy of Plato/阿尔法拉比(Alfarabi)著/程志敏译.-上海:华东师范大学出版社,2006
    251页:彩图;23cm.-(西方传统经典与解释)
    
    
    ISBN 7-5617-4505-2:CNY29.80
    本书收录了作者探讨柏拉图的哲学的有关著作,包括《柏拉图的哲学》、《柏拉图〈法义〉概要》、《两对相契论——神圣者柏拉图与亚里士多德意见的一致性》、《获得幸福》。
●
相关链接 在E读中查询图书 在五车中查询图书 在当当中查询图书 在豆瓣中查询图书


正题名:柏拉图的哲学     索取号:B2/JY5         预约/预借

序号 登录号 条形码 馆藏地/架位号 状态 备注
1 7858657   278586576   学院路分馆/ [索取号:B2/JY5] 在馆    
唐山师范学院图书馆 欢迎您!
大连网信软件有限公司© 版权所有